| 000 | 00639nam a2200229Ia 4500 | ||
|---|---|---|---|
| 005 | 20230118104357.0 | ||
| 008 | 131103s9999 xx 000 0 und d | ||
| 020 |
_a761998349 _cRs 395 |
||
| 040 | _aLoreto College | ||
| 041 | _aEnglish | ||
| 082 |
_a954 _bSHA |
||
| 100 | _aShah, Ghanshyam | ||
| 245 |
_aSocial movements in India _b A review of literature _cGhanshyam Shah |
||
| 250 | _a2nd en ed | ||
| 260 |
_aNew Delhi _bSage Publications _c2004 |
||
| 300 | _a281p | ||
| 504 | _aIncludes bibliographic references and index | ||
| 650 | _aSocial Movement | ||
| 651 | _aIndia, Social Movement | ||
| 850 | _aLCLIB | ||
| 942 | _cBK | ||
| 999 |
_c30911 _d81390 |
||